000
00313 a2200121 4500
000
nam a22 7a 4500
005
20260206165457.0
020
_a
9788179755006
100
_a
Mastram Kapoor
_9
1114296
245
_a
Loksabha me Lohia(5 vol)
260
_b
Anamika Publishers & Distributors
_c
2024
942
_c
TEXL
999
_c
1678843
_d
1678843